7 Countries That Used to Be Yugoslavia Quiz Stats

 Plays Quiz Updated Feb 13, 2019

Support Sporcle.
Go Orange.
Score 0/7 Timer 01:00
10 Plays Today
Country % Correct
Serbia
91.9%
Croatia
88.2%
Bosnia and Herzegovina
82.2%
Slovenia
80.4%
Montenegro
80.4%
Kosovo
78.6%
North Macedonia
76.2%

From the Vault

'90s Song Title Match-Up

by babymonkee

Music 4m
It was the last decade of the 20th century, and some feelings could only be expressed through song.
Remove Ads.
Support Sporcle.
Get the best of Sporcle when you Go Orange. This ad-free experience offers more features, more stats, and more fun while also helping to support Sporcle. Thank you for becoming a member.

Show Comments

Extras

Top Quizzes Today


Score Distribution

Your Account Isn't Verified!

In order to create a playlist on Sporcle, you need to verify the email address you used during registration. Go to your Sporcle Settings to finish the process.

Report this User

Report this user for behavior that violates our Community Guidelines.

Details: